| 000 | 00585nam a22001937a 4500 | ||
|---|---|---|---|
| 999 |
_c8522 _d8522 |
||
| 003 | AR-CdUCM | ||
| 008 | 190325b ||||| |||| 00| 0 spa d | ||
| 040 |
_aMUNICIPALIDAD PROVINCIAL DEL CUSCO _cBIBLIOTECA MUNICIPAL DEL CUSCO |
||
| 082 |
_a869.56 / _bF66 |
||
| 100 |
_aFlorián, Mario _914609 |
||
| 245 |
_aEl juglar andinista : _bserranilla y pastoral / |
||
| 260 |
_aLima : _bEdiciones Raíz, _c1951. |
||
| 300 |
_a37 páginas ; _c24 cm. |
||
| 500 | _aDonación familia Nieto. | ||
| 650 |
_aPoesías peruanas _91481 |
||
| 650 |
_aSiglo XX _98 |
||
| 942 |
_2ddc _cLIBROS |
||
| 945 | _azta | ||